00514nam a22001697a 450000500170000001000150001702000260003203500230005803700130008108200080009410000190010224500850012125000110020626000290021727000680024630000300031420240212112324.0 aENG-139199 a9789332551732c375.00 aB-667858 EN-122731 bDBAD/PUB a000 aMadaan, K.V.S. aCBSE UGC Net/Set/JRF Paper 1:bteaching and research aptitude/cBy K.V.S. Madaan a2nd ed aNew DelhibPearsonc2017 a11 Community Centre, Panchsheel ParkbNew Delhie110017 (India) avarious pages.c23cm(pbk)